Đại Việt sử ký : Tiền biên

Αποθηκεύτηκε σε:
Λεπτομέρειες βιβλιογραφικής εγγραφής
Μορφή: Βιβλίο
Γλώσσα:Undetermined
Έκδοση: Hà Nội Văn hóa Thông tin 2011
Θέματα:
Ετικέτες: Προσθήκη ετικέτας
Δεν υπάρχουν, Καταχωρήστε ετικέτα πρώτοι!
Thư viện lưu trữ: Trung tâm Học liệu Trường Đại học Cần Thơ
LEADER 00582nam a2200205Ia 4500
001 CTU_176286
008 210402s9999 xx 000 0 und d
020 |c 215000 
082 |a 959.7 
082 |b Đ103 
245 0 |a Đại Việt sử ký : 
245 0 |b Tiền biên 
245 0 |c Viện nghiên cứu Hán Nôm 
260 |a Hà Nội 
260 |b Văn hóa Thông tin 
260 |c 2011 
650 |a History,Lịch sử 
650 |z Vietnam,Việt Nam 
904 |i Trọng Hiếu 
980 |a Trung tâm Học liệu Trường Đại học Cần Thơ